| 000 | 01146nam a22002177a 4500 | ||
|---|---|---|---|
| 001 | 113399 | ||
| 003 | DR-UNIBE | ||
| 005 | 20250415094514.0 | ||
| 008 | 250331b2007 ck ||||| |||| 00| 0 spa d | ||
| 040 |
_aBIBLIOTECA UNIBE _cBIBLIOTECA UNIBE _erda |
||
| 041 | _aspa | ||
| 082 | _a347.014 C748ju | ||
| 111 | 2 |
_aConferencia Iberoamericana de Justicia Constitucional (6ª : 2007 : Cartadena de Indias ) _9193636 |
|
| 245 | 1 | 0 |
_aJurisdicción constitucional y jurisdicción ordinaria : _bcontrol constitucional de las decisiones judicionales |
| 260 |
_aCartagena de Indias : _bAgencia Española de Cooperación Internacional, _c2007 |
||
| 300 | _a277 páginas | ||
| 505 | _a1. Delegaciones asistentes y foto | 2. Programa | 3. Discurso inaugural | 4. Ponencia general: Jurisdicción constitucional y Jurisdicción ordinaria | 5. Las relaciones entre jurisdicciones | 6. Resumen de respuestas al cuestionario preparatorio de la Conferencia | 7. Informes de invitados | 8. Declaración Final | 9. Informe de la Secretaría Permanente | | ||
| 650 | 7 |
_2lemb _aJueces |
|
| 650 | 7 |
_2lemb _aJusticia |
|
| 942 |
_2ddc _cBK |
||
| 999 |
_c113399 _d113399 |
||